| 000 | 00924nam a22002297a 4500 | ||
|---|---|---|---|
| 008 | 081120t xxu||||| |||| 00| 0 eng d | ||
| 010 | _aENG-91694 | ||
| 020 |
_a9788184551020 _c695.00 |
||
| 035 | _aEN-75227 | ||
| 037 | _bDBAD / PUB | ||
| 040 |
_adpl _bEnglish |
||
| 082 | _a647.94068 | ||
| 245 |
_aDynamics of hotel management : _cedited by Monika Srivastava _bissues & perspectives / |
||
| 260 |
_aNew Delhi _bOmega Publications _c2008 |
||
| 270 |
_a4398/5, Ansari Road, Daryaganj, _bNew Delhi _e110002 |
||
| 300 |
_avi, 286p. _c22cm (Hb) |
||
| 500 | _aIncludes glossary, bibliographical references and index | ||
| 650 | _aHotel management | ||
| 700 | _aSrivastava, Monika | ||
| 942 |
_2ddc _cEN _mDYN _h647.94068 |
||
| 999 |
_c18800 _d18800 |
||